Laboratory manual for soil analysis : Soil based plant nutrient management plan for agro-eco systems of Kerala (Record no. 44436)

MARC details
000 -LEADER
fixed length control field 00388nam a2200109Ia 4500
082 ## - DEWEY DECIMAL CLASSIFICATION NUMBER
Classification number 631.42:631.95
Item number SUR
100 ## - MAIN ENTRY--AUTHOR NAME
Personal name SURESHKUMAR, P et al.
245 #0 - TITLE STATEMENT
Title Laboratory manual for soil analysis : Soil based plant nutrient management plan for agro-eco systems of Kerala
260 ## - PUBLICATION, DISTRIBUTION, ETC. (IMPRINT)
Place of publication Kerala Agricultural University
Name of publisher Kerala
Year of publication 2010
942 ## - ADDED ENTRY ELEMENTS (KOHA)
Koha item type Books
Holdings
Withdrawn status Lost status Damaged status Not for loan Home library Current library Date acquired Source of acquisition Full call number Accession Number Koha item type
        RRII Library RRII Library 16/12/2021 Gift 631.42:631.95 SUR G01183 Books